| 000 | 01210nam0a22002651 4500 | ||
|---|---|---|---|
| 001 | rc\462591 | ||
| 005 | 20030616172014.0 | ||
| 035 | _a(NLR Aleph) 005706957 | ||
| 090 |
_a7337167 _c7337167 |
||
| 100 | _a20030616d1988 u |0rusy50 ca | ||
| 101 | 0 | _arus | |
| 102 | _aRU | ||
| 105 | _aa ||||||||| | ||
| 200 | 1 |
_aВНЕДРЕНИЕ технологии чаеподобных продуктов из нетрадиционного сырья _f[Гулуа К.П., Мелкадзе Р.Г.] |
|
| 210 |
_aМ. _cАгроНИИТЭИПП _d1988 |
||
| 215 |
_a24 с. _cил. _d20 |
||
| 225 | 1 |
_aПищевая промышленность _hСерия 29 _iЧайная промышленность _eОбзор. информ. _fВНИИ информ. и техн.-экон. исслед. агропром. комплекса (ВНИИТЭИАгропром), НИИ информ. и техн.-экон. исслед. пищ. пром-сти _vВып. 1 |
|
| 300 | _aВ надзаг. также: Госагропром СССР | ||
| 320 | _aБиблиогр.: с. 23 | ||
| 701 | 1 |
_aГулуа _bК. П. |
|
| 801 | 0 |
_aRU _bNLR _gpsbo |
|
| 801 | 1 |
_aRU _bELAR _2rusmarc |
|
| 852 |
_aNLR _jП10/6464 |
||
| 942 | _cBOOK | ||
| 980 | _aNB | ||